| 000 | 00392nam a2200157 4500 | ||
|---|---|---|---|
| 999 |
_c510388 _d510388 |
||
| 008 | 190814b ||||| |||| 00| 0 eng d | ||
| 245 | _aCharles, Kerwin Kofi | ||
| 260 | _c2019 | ||
| 300 | _ap.209-248. | ||
| 650 |
_aLabour market _98302 |
||
| 700 |
_aHurst, Erik _98303 |
||
| 700 |
_aNotowidigdo, Matthew J. _98304 |
||
| 773 | _aEconomic Journal | ||
| 906 | _aHousing | ||
| 942 |
_2ddc _cAR |
||